Lateral deviation of radio waves reflected at the ionosphere (Record no. 1056)

MARC details
000 -LEADER
fixed length control field 00513nam a2200157Ia 4500
003 - CONTROL NUMBER IDENTIFIER
control field IN-BaIIA
008 - FIXED-LENGTH DATA ELEMENTS--GENERAL INFORMATION
fixed length control field 211028s9999 xx 000 0 eng d
040 ## - CATALOGING SOURCE
Transcribing agency IIA Library
080 ## - UNIVERSAL DECIMAL CLASSIFICATION NUMBER
Universal Decimal Classification number 551.510.7
Item number ROS
100 ## - MAIN ENTRY--PERSONAL NAME
Personal name Ross, W
9 (RLIN) 2270
245 #0 - TITLE STATEMENT
Title Lateral deviation of radio waves reflected at the ionosphere
Statement of responsibility, etc. W. Ross
260 ## - PUBLICATION, DISTRIBUTION, ETC.
Place of publication, distribution, etc. London
Name of publisher, distributor, etc. Her Majesty's Stationary Office
Date of publication, distribution, etc. 1949
300 ## - PHYSICAL DESCRIPTION
Extent iii, 31p.
650 ## - SUBJECT ADDED ENTRY--TOPICAL TERM
Topical term or geographic name entry element Astronomy and Astrophysics Thesaurus
942 ## - ADDED ENTRY ELEMENTS (KOHA)
Koha item type Books
Holdings
Withdrawn status Lost status Damaged status Not for loan Home library Current library Shelving location Date acquired Total Checkouts Full call number Barcode Date last seen Price effective from Koha item type
        IIA Library-Bangalore IIA Library-Kodaikanal General Stacks     551.510.7/ ROS 1107 05/11/2021   Books

Powered by Koha